000 00528nam a2200181 4500
001 149086
003 ES-MaACL
005 20230906202937.0
007 t|
008 070214s1972 sp r ||||1| spa d
100 1 _aSwoboda, Walter.
_9108952
245 1 0 _aOntología infantil /
_cWalter Swoboda ; versión de T. Amat Puértolas.
250 _a1ª. ed.
260 _aBarcelona :
_bToray,
_c1972.
300 _aXII, 254 p. :
_bil. ;
_c28 cm.
700 1 _aAmat Puértolas, T.
_921143
852 _aES-MaACL
_jC-42666
_bR.81771
999 _c149086
_d149086